All Formula 1 Williams drivers - Statistics

General Stats
  • This quiz has been taken 4,376 times
    681 since last reset
  • The average score is 34 of 50
Answer Stats
Years No. of races Name Nationality % Correct
2022–present 92 Alexander Albon Thailand
98%
2012 20 Bruno Senna Brazil
95%
1994 † 3 Ayrton Senna Brazil
94%
2025–present 24 Carlos Sainz Spain
94%
1985–88, 1991–92, 1994 97 Nigel Mansell UK
92%
2019–21 59 George Russell UK
91%
2014–17 79 Felipe Massa Brazil
90%
2013–16 78 Valtteri Bottas Finland
90%
1982–85 62 Keke Rosberg Finland
89%
2017–18 41 Lance Stroll Canada
89%
2023–24 37 Logan Sargeant USA
89%
2006–09 70 Nico Rosberg Germany
89%
1996–98 49 Jacques Villeneuve Canada
88%
1999–2004 94 Ralf Schumacher Germany
88%
2001–04 68 Juan Pablo Montoya Colombia
87%
2020–22 61 Nicholas Latifi Canada
87%
2019 21 Robert Kubica Poland
87%
1993–96 65 Damon Hill UK
86%
2011–13 58 Pastor Maldonado Venezuela
83%
1993 16 Alain Prost France
82%
2005–06 37 Mark Webber Australia
79%
2024 9 Franco Colapinto Argentina
78%
2022 1 Nyck de Vries Netherlands
78%
2010–11 38 Rubens Barrichello Brazil
78%
1986–87 32 Nelson Piquet Brazil
76%
1978–81 60 Alan Jones Australia
73%
1987–92 81 Riccardo Patrese Italy
69%
2018 21 Sergey Sirotkin Russia
67%
1980–82 31 Carlos Reutemann Argentina
66%
1997–98 33 Heinz-Harald Frentzen Germany
66%
2010 19 Nico Hülkenberg Germany
64%
1994–95 25 David Coulthard UK
63%
1979 15 Clay Regazzoni Switzerland
59%
2000 17 Jenson Button UK
59%
2005 14 Nick Heidfeld Germany
58%
2020 1 Jack Aitken UK
55%
1989–90 32 Thierry Boutsen Belgium
54%
2007–09 36 Kazuki Nakajima Japan
53%
2007 16 Alexander Wurz Austria
52%
1983–84 31 Jacques Laffite France
45%
1982 1 Mario Andretti USA
43%
2017 1 Paul di Resta UK
40%
1982 12 Derek Daly Ireland
34%
1999 16 Alessandro Zanardi Italy
30%
1988 1 Martin Brundle UK
30%
2003–04 3 Marc Gené Spain
29%
2004–05 9 Antônio Pizzonia Brazil
26%
1983 1 Jonathan Palmer UK
16%
1988 1 Jean-Louis Schlesser France
11%
1977 11 Patrick Nève Belgium
10%
No matching quizzes found
Score Distribution
Percent of People with Each Score
Percentile by Number Answered
Your Score History
You have not taken this quiz since the last reset